[Event "Titled Tue 27th May Early"]
[Site "chess.com INT"]
[Date "2025.05.27"]
[Round "11"]
[White "Nouali, Mohamed"]
[Black "Al-Tarboush, Ward"]
[Result "1-0"]
[WhiteTitle "FM"]
[BlackTitle "FM"]
[WhiteElo "2157"]
[BlackElo "2223"]
[WhiteFideId "5502462"]
[BlackFideId "7601450"]
[EventDate "2025.05.27"]

1. e4 e6 2. d4 d5 3. Nc3 Nf6 4. Bg5 dxe4 5. Nxe4 Be7 6. Bxf6 gxf6 7. Nf3 f5 8.
Nc3 a6 9. g3 b6 10. Bg2 Bb7 11. O-O Nd7 12. Re1 Nf6 13. Qe2 Qd6 14. Rad1 O-O-O
15. Ne5 Rhf8 16. Bxb7+ Kxb7 17. Qf3+ Nd5 18. Ne2 f6 19. Nd3 Qc6 20. Nef4 Nxf4
21. Qxc6+ Kxc6 22. Nxf4 e5 23. Ne6 e4 24. c4 Bb4 25. d5+ Kd6 26. Re2 Ke5 27. a3
Be7 28. b4 c6 29. f4+ Kd6 30. c5+ bxc5 31. bxc5+ Kd7 32. Nxf8+ Rxf8 33. d6 Bd8
34. Rb1 Ke6 35. Rb8 Kd5 36. Rc2 h5 37. Kf2 Rh8 38. Ke2 a5 39. Rc8 h4 40. gxh4 a4
41. h5 Kd4 42. h6 e3 43. h4 Rg8 44. h7 Rg2+ 45. Kf3 Rxc2 46. h8=Q Rf2+ 47. Kg3
Rf1 48. Rxd8 e2 49. Qxf6+ Kc4 50. Re8 1-0

[Event "Titled Tue 27th May Early"]
[Site "chess.com INT"]
[Date "2025.05.27"]
[Round "11"]
[White "Fernandes, Rogerio Paulo Muller"]
[Black "Mayorau, Mikita1"]
[Result "0-1"]
[BlackTitle "GM"]
[WhiteElo "2241"]
[BlackElo "2472"]
[WhiteFideId "2101599"]
[BlackFideId "13501720"]
[EventDate "2025.05.27"]

1. c4 Nf6 2. g3 c5 3. Bg2 g6 4. Nf3 Bg7 5. O-O Nc6 6. Nc3 O-O 7. a3 e5 8. d3 d6
9. Rb1 Nh5 10. Bd2 f5 11. b4 f4 12. Nd5 cxb4 13. axb4 Be6 14. b5 Ne7 15. Ng5
Bxd5 16. cxd5 Qd7 17. Ne6 Rf6 18. g4 f3 19. Bxf3 Nf4 20. Bxf4 exf4 21. Qb3 h5
22. g5 Rf5 23. h4 Rc8 24. Rbc1 b6 25. Be4 Re5 26. Rxc8+ Qxc8 27. Nxf4 Qg4+ 28.
Ng2 Nf5 29. Bxf5 Rxf5 30. Qc4 Qh3 31. f4 Qg4 32. e4 Rf7 0-1

[Event "Titled Tue 27th May Early"]
[Site "chess.com INT"]
[Date "2025.05.27"]
[Round "11"]
[White "Sklokin, Sergey"]
[Black "Le, Quang Liem"]
[Result "0-1"]
[WhiteTitle "FM"]
[BlackTitle "GM"]
[WhiteElo "2311"]
[BlackElo "2729"]
[WhiteFideId "55730230"]
[BlackFideId "12401137"]
[EventDate "2025.05.27"]

1. d4 Nf6 2. c4 e6 3. Nf3 d5 4. g3 dxc4 5. Bg2 Bb4+ 6. Nbd2 b5 7. O-O c6 8. a4
a5 9. Ne5 Ra6 10. e3 O-O 11. b3 c3 12. Nb1 bxa4 13. bxa4 c5 14. Na3 cxd4 15.
exd4 Qe7 16. Nb5 Bb7 17. Bg5 Bxg2 18. Kxg2 Qb7+ 19. Nf3 Nbd7 20. Qd3 Rc8 21.
Rac1 Nd5 22. h4 N7b6 23. Ra1 Nc4 24. Rfc1 h6 25. Be3 Rb6 26. Rc2 Nb2 27. Rxb2
cxb2 28. Rb1 Nc3 29. Rxb2 Nxa4 30. Ra2 Rxb5 31. Rxa4 Rf5 32. Qe2 Qb5 33. Qxb5
Rxb5 34. Ne5 Rc3 35. Nd7 Ra3 0-1

[Event "Titled Tue 27th May Early"]
[Site "chess.com INT"]
[Date "2025.05.27"]
[Round "11"]
[White "Svane, Rasmus"]
[Black "Andreikin, Dmitry"]
[Result "0-1"]
[WhiteTitle "GM"]
[BlackTitle "GM"]
[WhiteElo "2629"]
[BlackElo "2695"]
[WhiteFideId "4657101"]
[BlackFideId "4158814"]
[EventDate "2025.05.27"]

1. Nf3 g6 2. e4 d6 3. d4 Nf6 4. Bd3 Bg7 5. O-O O-O 6. c3 c5 7. h3 Nfd7 8. Be3
Nc6 9. Nbd2 a6 10. a4 b6 11. Re1 Bb7 12. Bf1 cxd4 13. cxd4 Nb4 14. Qb3 a5 15.
Bb5 Nf6 16. d5 Nd7 17. Bxd7 Qxd7 18. Nc4 Rab8 19. Nxb6 Qd8 20. Rec1 Ba6 21. Rc6
Bb7 22. Rc4 Ba6 23. Rxb4 axb4 24. Qxb4 Qc7 25. Rc1 Qb7 26. Qa3 Be2 27. Nd2 f5
28. exf5 gxf5 29. f4 Qa6 30. b4 Rxb6 31. Bxb6 Qxb6+ 32. Kh1 Qd4 33. Nf3 Qxf4 34.
Ng1 Be5 35. g3 Qe4+ 36. Kh2 f4 37. Nxe2 Qxe2+ 38. Kh1 0-1

[Event "Titled Tue 27th May Early"]
[Site "chess.com INT"]
[Date "2025.05.27"]
[Round "11"]
[White "Sahetchian, Armand"]
[Black "Tarasov, Igor"]
[Result "1-0"]
[WhiteTitle "CM"]
[BlackTitle "FM"]
[WhiteElo "2024"]
[BlackElo "2256"]
[WhiteFideId "607150"]
[BlackFideId "4120256"]
[EventDate "2025.05.27"]

1. e4 c6 2. d4 d5 3. exd5 cxd5 4. c4 Nf6 5. Nc3 g6 6. Nf3 Bg7 7. h3 O-O 8. Be2
Nbd7 9. O-O dxc4 10. Bxc4 Nb6 11. Bb3 Bf5 12. Bg5 h6 13. Bd2 Rc8 14. Nh4 Bd3 15.
Re1 Qxd4 16. Nf3 Qd8 17. Ne5 Bc4 18. Nxc4 Nxc4 19. Bxc4 Rxc4 20. Be3 b6 21. Qb3
Qc8 22. Nb5 a6 23. Na7 Qc7 24. Bxb6 Qf4 25. Be3 Qc7 26. Rac1 Rxc1 27. Rxc1 Qd8
28. Nc6 Qa8 29. Nxe7+ 1-0

[Event "Titled Tue 27th May Early"]
[Site "chess.com INT"]
[Date "2025.05.27"]
[Round "11"]
[White "Brenke, Andreas"]
[Black "Agarwal, Amaya"]
[Result "1-0"]
[WhiteTitle "FM"]
[BlackTitle "WCM"]
[WhiteElo "2349"]
[BlackElo "2004"]
[WhiteFideId "4602900"]
[BlackFideId "48733580"]
[EventDate "2025.05.27"]

1. d4 d5 2. c4 e6 3. Nc3 Be7 4. Nf3 Nf6 5. Bg5 O-O 6. e3 Nbd7 7. Qc2 h6 8. Bh4
c6 9. Rd1 b6 10. a3 Bb7 11. Bd3 dxc4 12. Bxc4 Nd5 13. Bg3 N7f6 14. O-O Rc8 15.
b4 Nxc3 16. Qxc3 Ne4 17. Qb3 Nxg3 18. hxg3 Qc7 19. Rc1 Qb8 20. Ne5 c5 21. Nd7
Qc7 22. Nxf8 Bxf8 23. dxc5 bxc5 24. b5 Bd6 25. Rfd1 Ba8 26. Bxe6 fxe6 27. Qxe6+
Kh8 28. Rxd6 Rf8 29. f3 Qa5 30. Qe7 Rg8 31. Rxc5 Qxa3 32. Rh5 Qc1+ 33. Kh2 1-0

[Event "Titled Tue 27th May Early"]
[Site "chess.com INT"]
[Date "2025.05.27"]
[Round "11"]
[White "Carrasco Miranda, Andres"]
[Black "Berikkyzy Alanna"]
[Result "1-0"]
[WhiteTitle "CM"]
[BlackTitle "WFM"]
[WhiteElo "2211"]
[BlackElo "2104"]
[WhiteFideId "3405990"]
[BlackFideId "13780719"]
[EventDate "2025.05.27"]

1. Nf3 c5 2. c4 Nc6 3. Nc3 Nf6 4. g3 g6 5. Bg2 d6 6. O-O Bg7 7. d4 cxd4 8. Nxd4
Bd7 9. Nc2 h5 10. h4 O-O 11. Bd2 Ng4 12. b3 a6 13. Rc1 Rc8 14. Ne3 Be6 15. Nxg4
Bxg4 16. Nd5 Be6 17. Nf4 Bf5 18. Bc3 Bxc3 19. Rxc3 e5 20. Nd5 Nd4 21. e3 Nc6 22.
Qd2 Be6 23. Rd1 Bxd5 24. Bxd5 Qf6 25. Qe2 Rfd8 26. Rcd3 Qe7 27. R3d2 e4 28. Qf1
Kg7 29. Bxc6 Rxc6 30. Rd4 Qe5 31. Qe1 b5 32. Rd5 Qe6 33. c5 Rd7 34. b4 Qf6 35.
Qd2 Qf3 36. Rxd6 Rcxd6 37. cxd6 Rc7 38. dxc7 Qf5 39. Qd7 Qf3 40. Qd4+ Kh7 41.
c8=Q 1-0

[Event "Titled Tue 27th May Early"]
[Site "chess.com INT"]
[Date "2025.05.27"]
[Round "11"]
[White "Unver, Cumayi"]
[Black "Belov, Alexei"]
[Result "1/2-1/2"]
[BlackTitle "IM"]
[WhiteElo "2012"]
[BlackElo "2421"]
[WhiteFideId "6304940"]
[BlackFideId "4128206"]
[EventDate "2025.05.27"]

1. d4 d5 2. Nc3 e6 3. Bf4 Bd6 4. Bg3 Nf6 5. e3 O-O 6. Nf3 a6 7. a3 b6 8. Bd3 Bb7
9. O-O c5 10. Bxd6 Qxd6 11. Ne5 Nc6 12. Nxc6 Bxc6 13. Qf3 e5 14. dxe5 Qxe5 15.
Qg3 Qe7 16. Rad1 a5 17. Qh4 h6 18. h3 Rfe8 19. Rfe1 Rad8 20. Qg3 Rd6 21. Be2 d4
22. exd4 cxd4 23. Nb5 Ne4 24. Qh2 Rf6 25. Bf3 Rxf3 26. gxf3 Qg5+ 27. Qg2 Qf4 28.
Nxd4 Re5 29. Nxc6 Rg5 30. Rxe4 Qxf3 31. Rg4 Qxd1+ 32. Kh2 Qd6+ 33. Qg3 Qxc6 34.
Rxg5 hxg5 35. Qxg5 Qxc2 36. Qd8+ Kh7 37. Qh4+ Kg8 38. Qd8+ Kh7 39. Qh4+ Kg8 40.
Qd8+ 1/2-1/2

[Event "Titled Tue 27th May Early"]
[Site "chess.com INT"]
[Date "2025.05.27"]
[Round "11"]
[White "Bendayan Claros, Aaron"]
[Black "Marynychenko, Yehor"]
[Result "1-0"]
[WhiteTitle "CM"]
[BlackTitle "CM"]
[WhiteElo "2224"]
[BlackElo "2183"]
[WhiteFideId "3803392"]
[BlackFideId "34160558"]
[EventDate "2025.05.27"]

1. d4 Nf6 2. Nf3 d5 3. Nbd2 Bf5 4. e3 e6 5. c4 c6 6. Qb3 Qc7 7. Be2 Nbd7 8. h3
Ne4 9. O-O Ndf6 10. a4 a5 11. cxd5 exd5 12. Ne5 Bd6 13. Ndf3 O-O 14. Rd1 Nd7 15.
Nxd7 Qxd7 16. Bd2 Bxh3 17. Ne5 Bxe5 18. dxe5 Be6 19. Be1 Nc5 20. Qc2 b6 21. b4
axb4 22. Bxb4 Bf5 23. Qd2 Nb3 24. Qc3 Nxa1 25. Bxf8 Kxf8 26. Rxa1 c5 27. Bb5 Qc7
28. f4 Be4 29. Bd3 Bxd3 30. Qxd3 Kg8 31. Qxd5 Rd8 32. Qc4 h6 33. Rc1 Qd7 34. a5
bxa5 35. Qxc5 a4 36. Ra1 Qd2 37. Qc1 Qxc1+ 38. Rxc1 Rd2 39. Ra1 Re2 40. Ra3 Rxe3
41. Rxe3 1-0

[Event "Titled Tue 27th May Early"]
[Site "chess.com INT"]
[Date "2025.05.27"]
[Round "11"]
[White "Lai, Duc Minh"]
[Black "Noy, Eyal"]
[Result "1-0"]
[BlackTitle "FM"]
[WhiteElo "2072"]
[BlackElo "2346"]
[WhiteFideId "12420387"]
[BlackFideId "2821117"]
[EventDate "2025.05.27"]

1. e4 c5 2. Nc3 Nc6 3. Bb5 Nd4 4. Nf3 a6 5. Bd3 e6 6. O-O Ne7 7. Nxd4 cxd4 8.
Ne2 d5 9. exd5 Nxd5 10. c3 dxc3 11. dxc3 Bd6 12. Qc2 Qc7 13. h3 h6 14. a3 O-O
15. c4 Nf6 16. Be3 b6 17. b4 Bb7 18. Rac1 Rfd8 19. Rfd1 Rac8 20. Qb1 Qc6 21. f3
Qc7 22. Nc3 Be5 23. Na4 Bd4 24. Bxd4 Rxd4 25. Bh7+ Nxh7 26. Rxd4 Nf6 27. Qd3 Qg3
28. Nxb6 Rc7 29. Rd8+ 1-0

[Event "Titled Tue 27th May Early"]
[Site "chess.com INT"]
[Date "2025.05.27"]
[Round "11"]
[White "Shogdzhiev, Roman"]
[Black "Xiong, Jeffery"]
[Result "0-1"]
[WhiteTitle "FM"]
[BlackTitle "GM"]
[WhiteElo "2329"]
[BlackElo "2636"]
[WhiteFideId "55653537"]
[BlackFideId "2047640"]
[EventDate "2025.05.27"]

1. e4 c5 2. Nf3 d6 3. d4 cxd4 4. Nxd4 Nf6 5. Nc3 a6 6. h3 h6 7. Be3 e6 8. g4 b5
9. Bg2 Bb7 10. a3 Nbd7 11. Qe2 Rc8 12. O-O Ne5 13. f4 Nc4 14. Bc1 Qb6 15. Qf2 e5
16. Nb3 Qxf2+ 17. Rxf2 Be7 18. Bf1 Bd8 19. Re2 Bb6+ 20. Kh2 O-O 21. f5 d5 22.
exd5 Nxd5 23. Nxd5 Bxd5 24. Bg2 Rfd8 25. c3 Bxg2 26. Kxg2 Rd1 27. a4 Rcd8 28.
axb5 axb5 29. Ra6 Rg1+ 30. Kh2 Rdd1 31. Ra8+ Kh7 32. Rb8 Bc7 33. Rb7 Bd6 34. Re4
Rxc1 35. Nxc1 Rxc1 36. Rxf7 Rc2+ 37. Kg3 Nxb2 38. f6 Kg6 39. Rxg7+ Kxf6 40. Rb7
Rxc3+ 41. Kh4 Be7 42. Rxb5 Kg6+ 43. g5 Bxg5+ 44. Kg4 h5# 0-1

[Event "Titled Tue 27th May Early"]
[Site "chess.com INT"]
[Date "2025.05.27"]
[Round "11"]
[White "Bozorov, Javohir"]
[Black "Diaz Vasquez, Martin"]
[Result "0-1"]
[WhiteTitle "FM"]
[BlackTitle "CM"]
[WhiteElo "2093"]
[BlackElo "2266"]
[WhiteFideId "14216957"]
[BlackFideId "3410579"]
[EventDate "2025.05.27"]

1. g4 c5 2. Bg2 d5 3. g5 Nc6 4. c4 e6 5. d3 Be7 6. Qb3 Bxg5 7. cxd5 Nd4 8. Qd1
exd5 9. Nc3 Bxc1 10. Rxc1 Nf6 11. Qd2 O-O 12. Nf3 Re8 13. Nxd4 cxd4 14. Nb5 Bg4
15. f3 Qb6 16. Nc7 Bf5 17. Nxa8 Rxa8 18. O-O Re8 19. Rc2 Nh5 20. Qg5 g6 21. Rfc1
Kg7 22. f4 h6 23. Qh4 Qd6 24. Bf3 Nxf4 25. Qg3 g5 26. Kh1 Re3 27. h4 g4 28. Rg1
h5 29. Rcc1 Qh6 30. Rcf1 Nxe2 31. Bxe2 Rxg3 32. Rxg3 Bg6 33. Rf2 Qc1+ 34. Kg2
Qe1 35. Bf1 Qe5 36. Re2 Qf4 37. Rf2 Qe5 38. Re2 Qf6 39. Rf2 Qxh4 40. Rf4 Qg5 41.
Rxd4 f5 42. Rxd5 h4 43. Rd7+ Kh6 44. Rxb7 hxg3 45. Rxa7 Qe3 46. Rh7+ Kxh7 47.
Kh1 Qf2 48. Bg2 Qe1+ 49. Bf1 Qxf1# 0-1

[Event "Titled Tue 27th May Early"]
[Site "chess.com INT"]
[Date "2025.05.27"]
[Round "11"]
[White "Ivashentseva, Dominika"]
[Black "Vusatiuk, Vladimir"]
[Result "1-0"]
[WhiteTitle "WCM"]
[BlackTitle "IM"]
[WhiteElo "1921"]
[BlackElo "2286"]
[WhiteFideId "34331050"]
[BlackFideId "14118610"]
[EventDate "2025.05.27"]

1. d4 Nf6 2. c4 e6 3. Nc3 Bb4 4. Qc2 d6 5. Qa4+ Nc6 6. Bd2 O-O 7. e3 Bd7 8. Qb3
b6 9. d5 Bxc3 10. Bxc3 exd5 11. cxd5 Ne7 12. Bxf6 gxf6 13. Bd3 Ng6 14. h4 Ne5
15. Nf3 Nxd3+ 16. Qxd3 f5 17. Nd4 Qf6 18. Rc1 Rac8 19. h5 f4 20. e4 Rfe8 21. f3
h6 22. Kf2 a5 23. Rcg1 c6 24. g3 Kh8 25. gxf4 c5 26. Ne2 Qxb2 27. Rg2 Rg8 28.
Rhg1 Rxg2+ 29. Rxg2 Bb5 30. Qc3+ Qxc3 31. Nxc3 1-0

[Event "Titled Tue 27th May Early"]
[Site "chess.com INT"]
[Date "2025.05.27"]
[Round "11"]
[White "Nakonechnyi, Oleksii"]
[Black "Krsnik Cohar, Ivan Vihor"]
[Result "0-1"]
[WhiteTitle "CM"]
[BlackTitle "FM"]
[WhiteElo "2224"]
[BlackElo "2362"]
[WhiteFideId "34173714"]
[BlackFideId "14520044"]
[EventDate "2025.05.27"]

1. e4 d5 2. Nc3 dxe4 3. Nxe4 Bf5 4. Ng3 Bg6 5. Nf3 Nd7 6. Bc4 c6 7. O-O e6 8. d4
Ngf6 9. c3 Bd6 10. Nh4 Qc7 11. Qf3 O-O 12. Nxg6 hxg6 13. Bg5 Rfe8 14. Rae1 Qa5
15. Bc1 Rad8 16. Bb3 Qc7 17. Bg5 a6 18. h4 Qa5 19. Ne4 Be7 20. Ng3 Nh7 21. Bxe7
Rxe7 22. h5 gxh5 23. Nxh5 Qg5 24. Ng3 Nhf6 25. Re2 Nf8 26. Rfe1 Ng6 27. Nf5 Red7
28. Ng3 c5 29. dxc5 Qxc5 30. Ne4 Nxe4 31. Qxe4 Nf8 32. Re3 Rd2 33. R1e2 b5 34.
Rxd2 Rxd2 35. Re2 Rd8 36. Bc2 a5 37. Re3 Rd2 38. Re2 Rd5 39. Qf3 b4 40. cxb4
axb4 41. Be4 Rd1+ 42. Kh2 Qc1 43. Qe3 Rh1+ 44. Kg3 Qg1 45. Qf4 Rh6 46. Qg4 f5
47. Bxf5 exf5 48. Qxf5 Qh2+ 49. Kg4 Qh4+ 50. Kf3 Rf6 0-1

[Event "Titled Tue 27th May Early"]
[Site "chess.com INT"]
[Date "2025.05.27"]
[Round "11"]
[White "Puzyrevsky, Semyon"]
[Black "Vasquez Schroeder, Rodrigo"]
[Result "0-1"]
[WhiteTitle "FM"]
[BlackTitle "GM"]
[WhiteElo "2253"]
[BlackElo "2446"]
[WhiteFideId "24240931"]
[BlackFideId "3400042"]
[EventDate "2025.05.27"]

1. e4 e6 2. d4 d5 3. Nd2 Nf6 4. e5 Nfd7 5. f4 c5 6. Ndf3 cxd4 7. Nxd4 Nc6 8.
Ngf3 Qb6 9. c3 Be7 10. Bd3 Nc5 11. Bc2 Bd7 12. Qe2 Rc8 13. O-O g6 14. Kh1 Nxd4
15. Nxd4 Qa6 16. Qf3 h5 17. Be3 Ba4 18. b3 Bd7 19. Bd2 Qb6 20. a4 a5 21. Rab1
Qc7 22. Rfc1 Bc6 23. b4 Ne4 24. Be1 b6 25. c4 Bxb4 26. Bxb4 axb4 27. cxd5 Bxd5
28. Nb5 Qc5 29. Qe2 Nf2+ 30. Kg1 Nd3+ 31. Kf1 Nxc1 32. Rxc1 O-O 33. Nd6 Rc6 34.
f5 Rxd6 35. fxg6 Bc4 0-1

[Event "Titled Tue 27th May Early"]
[Site "chess.com INT"]
[Date "2025.05.27"]
[Round "11"]
[White "Khodabandeh, Milad"]
[Black "Melikhov, Evgeny V."]
[Result "0-1"]
[WhiteTitle "CM"]
[BlackTitle "FM"]
[WhiteElo "1957"]
[BlackElo "2154"]
[WhiteFideId "12538620"]
[BlackFideId "4122046"]
[EventDate "2025.05.27"]

1. e4 c5 2. Nf3 d6 3. d4 cxd4 4. Nxd4 Nf6 5. Nc3 a6 6. h3 e6 7. g4 h6 8. Bg2 Qc7
9. Be3 Nc6 10. Nde2 b5 11. Ng3 Bb7 12. f4 b4 13. Nce2 Be7 14. O-O d5 15. e5 Nd7
16. Nh5 g6 17. Nhg3 Bc5 18. Bxc5 Nxc5 19. Qd2 Qb6 20. Kh2 a5 21. Rae1 Ba6 22.
Rf2 Bxe2 23. Rfxe2 Ne7 24. f5 gxf5 25. gxf5 h5 26. fxe6 fxe6 27. Qg5 Kd7 28.
Nxh5 Rxh5 29. Qxh5 Rg8 30. Bf3 Ne4 31. Bxe4 dxe4 32. Rd1+ Kc7 33. Qf7 Qc5 34.
Qxe6 Rg6 35. Rd7+ Kb8 36. Qxe7 Qg1# 0-1

[Event "Titled Tue 27th May Early"]
[Site "chess.com INT"]
[Date "2025.05.27"]
[Round "11"]
[White "Khamdamova, Afruza"]
[Black "Shuvalova, Polina"]
[Result "1-0"]
[WhiteTitle "WIM"]
[BlackTitle "IM"]
[WhiteElo "2344"]
[BlackElo "2494"]
[WhiteFideId "14210444"]
[BlackFideId "24171760"]
[EventDate "2025.05.27"]

1. e4 g6 2. d4 Bg7 3. Nc3 d6 4. Nf3 a6 5. h3 b5 6. a4 b4 7. Nd5 a5 8. Bc4 c6 9.
Ne3 Ba6 10. O-O Nf6 11. e5 Nd5 12. Bxa6 Nxa6 13. Nxd5 cxd5 14. Bf4 dxe5 15. Bxe5
O-O 16. Bxg7 Kxg7 17. Re1 Rc8 18. Qd2 e6 19. Ne5 Nb8 20. Nd3 Nc6 21. Nc5 Rc7 22.
Rxe6 Kg8 23. Re3 Qf6 24. c3 bxc3 25. bxc3 Re7 26. Rae1 Rfe8 27. Qd3 Kg7 28. Rxe7
Rxe7 29. Rxe7 Nxe7 30. Qe3 Nc6 31. Qe8 Qf4 32. g3 Qd6 33. Qd7 Qxd7 34. Nxd7 f5
35. Nb6 Ne7 36. c4 dxc4 37. Nxc4 Kf6 38. Nxa5 Ke6 39. Nb3 Kd5 40. a5 Kc4 41. a6
Nc6 42. Na5+ 1-0

[Event "Titled Tue 27th May Early"]
[Site "chess.com INT"]
[Date "2025.05.27"]
[Round "11"]
[White "Butti, Enrique"]
[Black "Ramos Espinoza, Efren Andres"]
[Result "0-1"]
[WhiteTitle "CM"]
[BlackTitle "FM"]
[WhiteElo "1998"]
[BlackElo "2104"]
[WhiteFideId "3700470"]
[BlackFideId "6100538"]
[EventDate "2025.05.27"]

1. d4 d5 2. c4 c6 3. Nf3 Nf6 4. Nc3 a6 5. cxd5 cxd5 6. Bg5 Ne4 7. Bh4 Nc6 8. e3
Bg4 9. Be2 Qa5 10. Qc2 Bf5 11. Qb3 b5 12. Qxd5 Rc8 13. Qxf5 Nd6 14. Qc2 b4 15.
Nd1 Nxd4 16. Qxc8+ Nxc8 17. Nxd4 e5 18. Nb3 Qb6 19. O-O Be7 20. Bxe7 Nxe7 21. e4
O-O 22. Ne3 Ng6 23. g3 a5 24. Nc4 Qc6 25. Ncxa5 Qxe4 26. Bc4 Nh4 27. f3 Nxf3+
28. Rxf3 Qxf3 29. Rf1 Qe3+ 30. Kg2 g6 31. Nc6 Kg7 32. Nxb4 Qe4+ 33. Kg1 Qxc4 0-1

[Event "Titled Tue 27th May Early"]
[Site "chess.com INT"]
[Date "2025.05.27"]
[Round "11"]
[White "Miranda Camus, Joaquin Ignacio"]
[Black "Nayak, Rajesh"]
[Result "0-1"]
[WhiteTitle "FM"]
[BlackTitle "FM"]
[WhiteElo "2196"]
[BlackElo "2286"]
[WhiteFideId "3449300"]
[BlackFideId "35017152"]
[EventDate "2025.05.27"]

1. e4 d6 2. d4 Nf6 3. Nc3 g6 4. Bf4 Bg7 5. Qd2 c6 6. O-O-O b5 7. Bh6 Bxh6 8.
Qxh6 Qa5 9. e5 b4 10. exf6 bxc3 11. Qe3 Be6 12. Bc4 d5 13. Bb3 cxb2+ 14. Kb1
exf6 15. c4 O-O 16. c5 Nd7 17. Nf3 Rab8 18. Kxb2 Rb4 19. h4 Rfb8 20. h5 Nf8 21.
hxg6 fxg6 22. Nh4 Bf7 23. f4 Re8 24. Qc3 Re2+ 25. Ka1 Qa3 26. Rd3 a5 27. Re1
Rxb3 28. Qc1 0-1

[Event "Titled Tue 27th May Early"]
[Site "chess.com INT"]
[Date "2025.05.27"]
[Round "11"]
[White "Ahmad, Khagan"]
[Black "Nagare Kaivalya Sandip"]
[Result "1-0"]
[WhiteTitle "IM"]
[BlackTitle "FM"]
[WhiteElo "2405"]
[BlackElo "2321"]
[WhiteFideId "13431552"]
[BlackFideId "25957929"]
[EventDate "2025.05.27"]

1. d4 Nf6 2. c4 e6 3. Nf3 d5 4. Nc3 Bb4 5. Bg5 Nbd7 6. cxd5 exd5 7. Qc2 h6 8.
Bh4 c6 9. a3 Be7 10. e3 O-O 11. Bd3 a5 12. O-O b5 13. e4 dxe4 14. Nxe4 Bb7 15.
Nc5 Nxc5 16. dxc5 a4 17. Rad1 Qa5 18. Nd4 Nd5 19. Bxe7 Nxe7 20. Rfe1 Rfe8 21.
Be4 Rad8 22. Nf3 b4 23. Ne5 b3 24. Bh7+ Kf8 25. Qe4 g6 26. Nd7+ Rxd7 27. Rxd7
Bc8 28. Rxe7 Qxe1+ 29. Qxe1 Rxe7 30. Qc3 f5 31. Bxg6 Rd7 32. h4 f4 1-0

[Event "Titled Tue 27th May Early"]
[Site "chess.com INT"]
[Date "2025.05.27"]
[Round "11"]
[White "El Zein, Zayne-Eddine"]
[Black "Gadzhiev, Ruslan"]
[Result "0-1"]
[WhiteTitle "CM"]
[BlackTitle "CM"]
[WhiteElo "2146"]
[BlackElo "2169"]
[WhiteFideId "5313210"]
[BlackFideId "55671926"]
[EventDate "2025.05.27"]

1. e4 e6 2. d3 d5 3. Nd2 Nf6 4. Ngf3 c5 5. g3 Be7 6. Bg2 O-O 7. O-O Nc6 8. c3
Qc7 9. Re1 b5 10. a3 Bb7 11. e5 Nd7 12. d4 cxd4 13. cxd4 Rfc8 14. h4 Qd8 15. Nf1
b4 16. N1h2 bxa3 17. bxa3 h6 18. Ng4 Bf8 19. Qd3 Na5 20. Rb1 Rab8 21. Bf4 Nc4
22. Bg5 Qe8 23. h5 Ba6 24. Rxb8 Rxb8 25. Bc1 Rb6 26. Qd1 Nb2 27. Bxb2 Rxb2 28.
Qa4 Rb6 29. Bf1 Qc8 30. Bxa6 Rxa6 31. Qb3 Rxa3 32. Qd1 Nb6 33. Nd2 Nc4 34. Nxc4
Qxc4 35. Ne3 Qd3 36. Qg4 Ra4 37. Rd1 Qc3 38. Qh4 Ra1 39. Rxa1 Qxa1+ 40. Kg2 Qa5
41. Ng4 Qb6 42. Nh2 a5 43. g4 a4 44. g5 hxg5 45. Qxg5 Qxd4 46. Ng4 Kh7 47. h6
Qe4+ 48. Kg3 Qg6 49. hxg7 Kxg7 50. Qh4 a3 51. f4 a2 52. Qh1 Qd3+ 53. Kf2 Bc5+ 0-1

[Event "Titled Tue 27th May Early"]
[Site "chess.com INT"]
[Date "2025.05.27"]
[Round "11"]
[White "Matskevich, Varvara"]
[Black "Mora Munoz, Alejandro"]
[Result "0-1"]
[WhiteTitle "WFM"]
[BlackTitle "FM"]
[WhiteElo "1988"]
[BlackElo "2147"]
[WhiteFideId "13523465"]
[BlackFideId "4469844"]
[EventDate "2025.05.27"]

1. e4 c5 2. Nf3 d6 3. d4 cxd4 4. Nxd4 Nf6 5. Nc3 a6 6. a4 g6 7. Be2 Bg7 8. Be3
Bd7 9. O-O Nc6 10. Nb3 O-O 11. f4 Rc8 12. Bf3 Nb4 13. a5 Ne8 14. Bb6 Nc7 15. Nd4
Qe8 16. Nce2 Na8 17. c3 Nxb6 18. axb6 Nc6 19. Nxc6 Bxc6 20. Nd4 Qd8 21. Qb3
Bxd4+ 22. cxd4 Bb5 23. Rfd1 Qxb6 24. Be2 Rc7 25. Bxb5 axb5 26. Kh1 Rfc8 27. Rd2
Rc1+ 28. Rxc1 Rxc1+ 29. Rd1 Rxd1+ 30. Qxd1 Qc6 31. d5 Qc4 32. Qe1 b4 33. h3 b3
34. Qe3 Qc2 35. Qd4 Qc1+ 36. Kh2 Qxf4+ 37. Kh1 Qe5 38. Qxe5 dxe5 39. Kg1 Kf8 40.
Kf2 Ke8 41. Ke3 Kd7 42. Kd3 e6 43. dxe6+ Kxe6 44. g4 f5 45. g5 f4 46. Ke2 Kd6
47. Kf3 Kc5 48. Kg4 Kd4 49. Kf3 Kd3 50. h4 Kc2 51. h5 Kxb2 52. hxg6 hxg6 53. Kg4
Kc2 54. Kh4 b2 55. Kg4 b1=Q 56. Kh4 Qh1+ 57. Kg4 Qh5# 0-1

[Event "Titled Tue 27th May Early"]
[Site "chess.com INT"]
[Date "2025.05.27"]
[Round "11"]
[White "Koridze, Lile"]
[Black "Otdelnov, Kirill"]
[Result "0-1"]
[WhiteTitle "WFM"]
[BlackTitle "FM"]
[WhiteElo "2110"]
[BlackElo "2273"]
[WhiteFideId "13612514"]
[BlackFideId "24280216"]
[EventDate "2025.05.27"]

1. d4 g6 2. c4 Bg7 3. Nc3 c5 4. e3 Nf6 5. Nf3 O-O 6. Bd3 d5 7. dxc5 dxc4 8. Bxc4
Qa5 9. O-O Qxc5 10. Bb3 Bg4 11. h3 Bxf3 12. Qxf3 Nc6 13. Bd2 Rad8 14. Rfd1 a6
15. Rac1 Ne5 16. Qe2 Nd3 17. Rc2 Qe5 18. Bc1 Nxc1 19. Rcxc1 Ne4 20. Rxd8 Rxd8
21. Bxf7+ Kxf7 22. Qc4+ Qe6 23. Qxe6+ Kxe6 24. Nxe4 Bxb2 25. Rb1 Be5 26. f4 Bd6
27. Rxb7 Rc8 28. Nxd6 exd6 29. Rb6 a5 30. Ra6 Rc1+ 31. Kh2 Rc5 32. Kg3 h6 33.
Kf3 Rb5 34. g4 Rc5 35. Ke4 Rc4+ 36. Kf3 Ra4 37. e4 Ra3+ 38. Kg2 Rxa2+ 39. Kf3
Ra3+ 40. Kg2 Ra4 41. e5 Rxf4 42. Rxd6+ Kxe5 43. Rxg6 Rf6 44. Rg7 Ra6 45. Rb7 a4
46. Rb2 a3 47. Ra2 Kf4 48. Kf2 Ra8 49. Kg2 Ra5 50. Kf2 Ke4 51. Kg3 Kd4 52. h4
Kc3 53. Kf4 Kb3 54. Rxa3+ Rxa3 55. g5 hxg5+ 56. hxg5 Kc4 57. Kf5 Kd5 58. Kf6
Rf3+ 59. Kg6 Ke6 60. Kh5 Rh3+ 61. Kg4 Rh1 0-1